Logo BPK

Biblioteka

Politechniki Koszalińskiej

Pracodawca a Państwowy Fundusz Rehabilitacji Osób Niepełnosprawnych : (Rekord nr 35408)

Szczegóły MARC
000 -ETYKIETA REKORDU
podpole kontrolne o stałej długości 01127nam a2200265 i 4500
001 - NUMER KONTROLNY REKORDU
pole kontrolne bg
020 ## - MIĘDZYNARODOWY ZNORMALIZOWANY NUMER KSIĄŻKI - ISBN
ISBN 8371874642
040 ## - ŹRÓDŁO KATALOGOWANIA
Instytucja, która utworzyła rekord BPK
041 0# - KOD JĘZYKA
Kod języka tekstu pl
080 ## - UNIWERSALNA KLASYFIKACJA DZIESIĘTNA - UKD
UKD 349.2-056.26(438)
920 ## - Międzynarodowy znormalizowany numer książki – ISBN
ISBN 83-7187-464-2
008 - POLE O STAŁEJ DŁUGOŚCI - DANE KONTROLNE
podpole kontrolne o stałej długości s pl f |000 0 pol
100 1# - NAZWA OSOBOWA
Nazwa osobowa AUGUSTOWSKA, Maria
245 10 - TYTUŁ/ODPOWIEDZIALNOŚĆ
Tytuł Pracodawca a Państwowy Fundusz Rehabilitacji Osób Niepełnosprawnych :
Ciąg dalszy tytułu poradnik dla pracodawców zatrudniających co najmniej 25 pracowników, w tym szkół, jednostek budżetowych, zakładów budżetowych, gospodarstw pomocniczych /
Pozostałe elementy strefy tytułu i oznaczenia odpowiedzialności Maria Augustowska, Ewa Chrzanowska.
246 14 - WARIANT TYTUŁU
Tytuł Pracodawca a PFRON
250 ## - STREFA WYDANIA
Oznaczenie wydania Stan prawny na dzień 1 stycznia 2001 r.
260 ## - STREFA ADRESU WYDAWNICZEGO
Miejsce wydania Gdańsk :
Nazwa wydawcy/dystrybutora Ośrodek Doradztwa i Doskonalenia Kadr,
Data publikacji, dystrybucji/powstania dokumentu 2001.
300 ## - STREFA OPISU FIZYCZNEGO
Objętość 150, [10] s. :
Inne cechy fizyczne il. ;
Rozmiary 24 cm.
500 ## - UWAGI OGÓLNE
Tekst uwagi Tyt. okł. i grzb.: Pracodawca a PFRON.
610 29 - HASŁO PRZEDMIOTOWE W FORMIE NAZWY CIAŁA ZBIOROWEGO
Nazwa ciała zbiorowego lub nazwa geograficzna Państwowy Fundusz Rehabilitacji Osób Niepełnosprawnych
Określnik ogólny prawo
Określnik chronologiczny stan na 2001 r.
650 #9 - HASŁO PRZEDMIOTOWE W FORMIE NAZWY OGÓLNEJ LUB JEDNOSTKOWEJ
Nazwa ogólna lub geograficzna Niepełnosprawni
Określnik ogólny praca
-- prawo
Określnik geograficzny Polska
Określnik chronologiczny stan na 2001 r.
650 #9 - HASŁO PRZEDMIOTOWE W FORMIE NAZWY OGÓLNEJ LUB JEDNOSTKOWEJ
Nazwa ogólna lub geograficzna Pracodawcy
Określnik ogólny prawo
Określnik geograficzny Polska
Określnik chronologiczny stan na 2001 r.
700 1# - HASŁO DODATKOWE - NAZWA OSOBOWA
Nazwa osobowa CHRZANOWSKA, Ewa
856 ## - LOKALIZACJA I DOSTĘP DO ELEKTRONICZNYCH DOKUMENTÓW ZDALNYCH
Link (URL) http://koha.tu.koszalin.pl/cgi-bin/koha/opac-detail.pl?biblionumber=35408
Tekst linku Katalog online BPK
942 ## - DODATKOWE ELEMENTY (KOHA)
Typ dokumentu Książka
Egzemplarze
Wycofany Status egzemplarza Uszkodzony Dostępność Lokalizacja stała Lokalizacja bieżąca Miejsce przechowywania Sygnatura Kod kreskowy Typ dokumentu
      Tylko na miejscu Biblioteka Politechniki Koszalińskiej Biblioteka Politechniki Koszalińskiej Czytelnia Wydziałowa ul. Kwiatkowskiego 6e S 124 01919844 Książka
© 2023 Biblioteka Politechniki Koszalińskiej :: KOHA